सचित्र विज्ञान कोश / (Record no. 30291)

MARC details
000 -LEADER
fixed length control field 01245 aa a2200253 4500
005 - DATE AND TIME OF LATEST TRANSACTION
control field 20090912102416.0
008 - FIXED-LENGTH DATA ELEMENTS--GENERAL INFORMATION
fixed length control field 080917t xxu||||| |||| 00| 0 hin d
010 ## - LCCN (DPL NO)
LC control number B-357315
020 ## - INTERNATIONAL STANDARD BOOK NUMBER
Terms of availability 200.00
International Standard Book Number 817043159x
035 ## - SYSTEM CONTROL NUMBER
System control number B-357315
037 ## - SOURCE OF ACQUISITION
Source of stock number/acquisition पु.प्र.अ.प्र/प्रका
082 ## - DEWEY DECIMAL CLASSIFICATION NUMBER
Classification number 503
100 ## - MAIN ENTRY--PERSONAL NAME
Personal name अग्रवाल, जे.पी.
245 ## - TITLE STATEMENT
Title सचित्र विज्ञान कोश /
Statement of responsibility, etc जे.पी. अग्रवाल एवं एस.पी.सिंह
246 ## - VARYING FORM OF TITLE
Title proper/short title Sachitra Vigyan Kosh
Remainder of title by J.P.Agarwal
260 ## - PUBLICATION, DISTRIBUTION, ETC. (IMPRINT)
Place of publication, distribution, etc दिल्ली
Name of publisher, distributor, etc आत्माराम एण्ड संस
Date of publication, distribution, etc 2009
270 ## - ADDRESS
Address 1376, कश्मीरी गेट
City दिल्ली
Postal code 110006
Telephone number 011-23946466, 23973082
300 ## - PHYSICAL DESCRIPTION
Extent 133पृ
Dimensions 24सेमी (सजिल्द)
Other physical details सचित्र
650 ## - SUBJECT ADDED ENTRY--TOPICAL TERM
Topical term or geographic name as entry element Science
General subdivision Encuclopedia
650 ## - SUBJECT ADDED ENTRY--TOPICAL TERM
Topical term or geographic name as entry element विज्ञान
General subdivision विश्वकोश
700 ## - ADDED ENTRY--PERSONAL NAME
Personal name एस.पी.सिंह
942 ## - ADDED ENTRY ELEMENTS (KOHA)
Institution code [OBSOLETE] dpl
Item type Children Books
Source of classification or shelving scheme Dewey Decimal Classification
Classification part 503
Call number suffix अग्रवा
Holdings
Withdrawn status Lost status Source of classification or shelving scheme Damaged status Not for loan Collection code Home library Current library Date acquired Source of acquisition Cost, normal purchase price Total Checkouts Full call number Barcode Date last seen Copy number Cost, replacement price Koha item type
    Dewey Decimal Classification     Non-fiction Janak Puri Janak Puri 12/09/2009 DBAD / PUB 200.00 12 503 अग्रवा B-357315 27/06/2018 1 200.00 Children Books

© Delhi Public Library
Hit Counter
free hit counter